Biblioteca y Centro de Documentación

Vista normal Vista MARC

Entrada Nombre corporativo

Número de registros utilizados en: 6

001 - NÚMERO DE CONTROL

  • Campo de control: 5116

003 - IDENTIFICADOR DE NÚMERO DE CONTROL

  • Campo de control: ES-MaCES

005 - FECHA Y HORA DE LA ULTIMA MODIFICACION

  • Campo de control: 20100122104800.0

008 - ELEMENTOS DE DATOS DE LONGITUD FIJA

  • Campo de longitud fija: 100122 | azznnaabn |n ana d

035 ## - NÚMERO DE CONTROL DEL SISTEMA

  • Número de control del sistema: CES20100000077e

040 ## - FUENTE DE LA CATALOGACIÓN

  • Agencia original de catalogación: ES-MaCES
  • Idioma de catalogación: spa
  • Agencia de transcripción: ES-MaCES

110 1# - ENCABEZAMIENTO--NOMBRE CORPORATIVO

  • Nombre corporativo o de jurisdicción como elemento de entrada: Unión Europea
  • Título de una obra: Directiva relativa a los servicios en el mercado interior
  • Lugar de reunión o firma del tratado: 2006

670 ## - FUENTE DE DATOS ENCONTRADOS

  • Fuente de citación: DOCE
  • Información encontrada: Directiva 2006/123/CE del Parlamento Europeo y del Consejo, de 12 de dic. de 2006

901 ## - CES. DATOS SIRTEX

  • ID Sirtex (N5N8): 0001800007294
  • 005BIS Sirtex: 201001220934ALORITE
© CES, Consejo Económico y Social de España 2021